00603nam a22001697a 450000500170000002000250001703700080004210000250005024500510007526000310012627000980015730000320025549000170028794200170030499900170032195200950033820111228110456.0 a9788128628825c40.00 bPUB aBlyton, Enid 937735 aNoddy and the bouncing ball /cby Enid Blyton aMumbai bEuro Books c2011 aDani Corporat e Park, First Floor, 158, Vidyanagari Marg, Kalina, SantacruzbMumbaie400098 aunpages bill.c20cm(pbk)  aNody 937736 2ddccCHmBLY c60056d60056 0010407-1aAGbAGd2011-12-28g40.00l0oBLYr2011-12-28 00:00:00v40.00w2011-12-28yCH